000 02236nam0a2200349 i 4500
001 RU\NLR\BIBL_A\010863090
005 20260503060812.0
010 _a9785721205798
_9100
021 _aRU
_b2015-70317
_94210
035 _a(NILC)RuMoRGB-008019483
035 _a(NLR Aleph) 010863090
090 _a10430614
_c10430614
100 _a20151016d2013 u y0rusy50 ca
101 0 _arus
102 _aRU
105 _aa|||j|||000yy
200 1 _aЭффективный урок литературы в условиях введения ФГОС
_eучебное пособие
_fГос. бюджет. образоват. учреждение доп. проф. образования Рост. обл. "Рост. ин-т повышения квалификации и проф. переподгот. работников образования", Федеральная целевая программа развития образования на 2011-2015 годы
_g[авт.-сост.: В.Я. Рыбникова, засл. учитель РФ]
_gнауч. ред.: к.п.н., доц. Л.Н. Королёва
210 _aРостов-на-Дону
_cИзд-во ГБОУ ДПО РО РИПК и ППРО
_d2013
215 _a99 с.
_cил.
_d20
320 _aБиблиогр.: с. 82 и в подстроч. примеч.
606 _aЛитература
_jУчебные издания
_xПреподавание
_xСредняя школа
_91495218
_3RU\NLR\AUTH\66645643
610 0 _aлитература в школе
675 _a373
686 1 _aЧ426.21я7
702 1 _aРыбникова
_bВ. Я.
_gВалентина Яковлевна
_4220
702 1 _4340
_aКоролева
_bЛ. Н.
_cканд. пед. наук
_gЛариса Николаевна
_3RU\NLR\AUTH\770133377
_9133343
712 0 2 _4570
_aРостовский институт повышения квалификации и профессиональной переподготовки работников образования
_cРостов-на-Дону
_3RU\NLR\AUTH\8810242116
_9370094
801 0 _aRU
_bРГБ
_c20150909
_gRCR
942 _cBOOK
980 _aNBR